000 00503nam a22001697a 4500
003 URS
005 20220114171605.0
008 170324b xxu||||| |||| 00| 0 eng d
020 _a0256059349
050 _aHF5635
_bH34 1987
100 _aHermanson, Roger H.
_4author
245 _aAccounting principles
_cRoger H. Hermanson, James Don Edwards, Author
260 _aPlano, Texas:
_bBusiness Publishing,
_c1987
300 _axxiv, 1112;
_c26 cm.
700 _4author
_aEdwards, James Don
942 _cFR
_2lcc
999 _c14230
_d14230